MARC

LEADER 00000nam0a2200000 4500
001 92288
005 20231031104619.0
035 |a (RuTPU)RU\TPU\book\98890 
090 |a 92288 
100 |a 20060311d1973 m y0rusy50 ca 
101 0 |a rus 
102 |a RU 
105 |a a j 001zy 
200 1 |a Распределение яркости в поле зрения  |e учебное пособие  |g Томский политехнический институт  |f В. Д. Никитин 
210 |a Томск  |c Изд-во ТПИ  |d 1973 
215 |a 40 с.  |c ил. 
320 |a Список литературы: с. 39-40 
610 1 |a освещение 
610 1 |a рабочее место 
610 1 |a яркость 
610 1 |a поле зрения 
610 1 |a распределение 
610 1 |a производительность труда 
610 1 |a учебные пособия 
675 |a 628.9(075.8)  |v 3 
700 1 |a Никитин  |b В. Д. 
712 0 2 |a Томский политехнический институт  |z 1944-1991  |2 stltpush  |3 (RuTPU)RU\TPU\col\1123 
801 1 |a RU  |b 63413507  |c 20060311  |g PSBO 
801 2 |a RU  |b 63413507  |c 20210406  |g PSBO 
942 |c BK